| 000 | 006190000a22002050004500 | ||
|---|---|---|---|
| 003 | LK-CoMWRAF | ||
| 005 | 20230924220539.0 | ||
| 008 | 230817t ||||| |||| 00| 0 eng d | ||
| 020 | _a0860370496 | ||
| 040 |
_aLK-CoMWRAF _dLK-CoMWRAF _eLK-CoMWRAF |
||
| 041 | _aeng | ||
| 082 |
_a297.122 _bBRO |
||
| 100 | _aBrohi, Allahbukhsh Karimbukhsh | ||
| 245 | _aThe Qur'an and its impact on human history | ||
| 260 |
_aLeicester : _bThe Islamic foundation, _c1979 |
||
| 300 | _a20 p. ; 21 cm | ||
| 650 | _aQurʼan -- History Influence (Literary, artistic, etc.) Islamic civilization | ||
| 650 | _aQurʼan | ||
| 942 | _cBK | ||
| 999 |
_c2306 _d2306 |
||